000 00485nam a2200169Ia 4500
999 _c24693
_d24693
003 OSt
005 20201124133501.0
008 190216s9999||||xx |||||||||||||| ||und||
040 _coclc
082 _a920
_bPRA/G
100 _a Prasad, Rajendra
_91822
245 0 _aGandhi Padangalil /
_cRajendra Prasad
260 _bMathrubhumi Printing & publishing,
_aCalicut:
_c1969.
300 _a518p
650 _aOormakurip
942 _cBK
_2ddc
_h920
_iPRA/G
_k920
_mPRA/G